Prioritas sekarang: (Record no. 86392)

MARC details
000 -LEADER
fixed length control field 00565cam a22002051 4500
001 - CONTROL NUMBER
control field sa 68015344
003 - CONTROL NUMBER IDENTIFIER
control field DLC
005 - DATE AND TIME OF LATEST TRANSACTION
control field 20260227112643.0
008 - FIXED-LENGTH DATA ELEMENTS--GENERAL INFORMATION
fixed length control field 860821s1966 io 000 0 ind
010 ## - LIBRARY OF CONGRESS CONTROL NUMBER
LC control number sa 68015344
035 ## - SYSTEM CONTROL NUMBER
System control number (OCoLC)14122309
040 ## - CATALOGING SOURCE
Original cataloging agency DLC
Transcribing agency CU
Modifying agency DLC
042 ## - AUTHENTICATION CODE
Authentication code premarc
050 00 - LIBRARY OF CONGRESS CALL NUMBER
Classification number HC447
Item number .H248
100 1# - MAIN ENTRY--PERSONAL NAME
Personal name Hady, Hariri.
245 10 - TITLE STATEMENT
Title Prioritas sekarang:
Remainder of title rehabilitasi prasarana.
260 ## - PUBLICATION, DISTRIBUTION, ETC.
Place of publication, distribution, etc. Djakarta,
Name of publisher, distributor, etc. Lembaga Ekonomi dan Kemasjarakatan Nasional,
Date of publication, distribution, etc. 1966.
300 ## - PHYSICAL DESCRIPTION
Extent 20 l.
Dimensions 27 cm.
651 #0 - SUBJECT ADDED ENTRY--GEOGRAPHIC NAME
Geographic name Indonesia
General subdivision Economic policy.

No items available.

Powered by Koha